La Francia de Napoleón

Saved in:
Bibliografiske detaljer
Hovedforfatter: Soboul, Albert (Author)
Format: Bog
Sprog:spansk
Udgivet: Barcelona Crítica 1993
Serier:Serie General, 227
Fag:
Tags: Tilføj Tag
Ingen Tags, Vær først til at tagge denne postø!

MARC

LEADER 00000nam a2200000 a 4500
001 UCL0653
003 CL-VaPUC
008 030801e19930000SP |||||||||||||||||spa|d
020 |a 8474235642 
082 0 4 |a 944.05  |b SOB  |2 21 
100 0 |a Soboul, Albert  |e author  |9 477354 
245 1 3 |a La Francia de Napoleón 
300 |a 481 p 
942 |c BK 
945 |d 20030801 00:00:00  |a cmena 
260 |a Barcelona  |b Crítica  |c 1993 
600 0 |a Bonaparte, Napoleón   |9 317802 
650 0 |a Imperialismo  |9 258264 
650 0 |a Propiedad   |9 255268 
650 0 |a Código civil  |9 256135 
650 0 |a Política y gobierno  |9 255151 
650 0 |a Clases sociales  |9 256858 
650 0 |a Historia de Francia  |9 336927 
651 0 |a Francia  |9 255157 
583 |a last modification  |c 20030801 00:00:00  |k Rodrigo Vera 
490 0 |a Serie General, 227 
999 |c 304468  |d 304466 
952 |0 0  |1 0  |4 0  |6 944_050000000000000_SOB_1993  |7 0  |8 A  |9 366769  |a BIBHIS  |b BIBHIS  |d 2019-11-21  |i 3907295  |o 944.05 SOB 1993  |p 3907295  |r 2025-01-20  |w 2019-11-21  |y BK  |k HIS